Statistics for Formula 1 2020 Race Wins

Click here to take the quiz!

General Stats

  • This quiz has been taken 108 times
  • The average score is 16 of 17

Answer Stats

RaceAnswer% Correct
StyriaLewis Hamilton
99%
HungaryLewis Hamilton
99%
Great BritainLewis Hamilton
99%
SpainLewis Hamilton
99%
TuscanyLewis Hamilton
97%
BahrainLewis Hamilton
97%
TurkeyLewis Hamilton
97%
70th AnniversaryMax Verstappen
97%
AustriaValterri Bottas
97%
PortugalLewis Hamilton
96%
Emilia RomagnaLewis Hamilton
96%
BelgiumLewis Hamilton
96%
Abu DhabiMax Verstappen
96%
EifelLewis Hamilton
95%
RussiaValterri Bottas
95%
SakhirSergio Perez
93%
ItalyPierre Gasly
92%

Score Distribution

Percentile by Number Answered

Percent of People with Each Score

Your Score History

You have not taken this quiz